Na poušti
| Main Author: | |
|---|---|
| Format: | Book |
| Language: | Undetermined |
| Published: |
V Praze
I. L. Kober
1863
|
MARC
| LEADER | 00000nam a2200000 a 4500 | ||
|---|---|---|---|
| 001 | vtls001414662 | ||
| 003 | SK-MaSNL | ||
| 005 | 20260302035140.0 | ||
| 008 | 240314s1863 xx 0 und | ||
| 035 | |a SNK000369390 | ||
| 040 | |a SNK |b slo |c SNK |e AACR2 | ||
| 041 | 0 | |a und | |
| 044 | |a xx | ||
| 100 | 1 | |a Sabina, Karel |4 aut |9 297812 | |
| 245 | 1 | 0 | |a Na poušti |
| 260 | |a V Praze |b I. L. Kober |c 1863 | ||
| 300 | |a 184 s. | ||
| 958 | |a ONDV | ||
| 999 | |c 1069465 |d 1071395 | ||
| 952 | |t P60, <05>, [BOOK], {605} |a SNK |b SNK |y PREZ |7 0 |p 17A0304931 |o snkID 17660/1 |0 0 |1 0 |4 0 |d 2001-06-07 |l 0 |r 2005-01-02 00:00:00 |w 2026-02-24 | ||


